00386cam a22001337a 4500008004000000082001300040100002500053245007400078260002900152300001000181500000900191650002500200700002700225180718b1969 xxu||||| |||| 00| 0 eng d aA99 A155 aAlliluyeya, Svetlana aOnly one yearcby Svetlana Alliluyeya translated by Paul Chavchavadze aLondonbHutchinsonc1969 a415p. a35/- aAlliluyeya, Svetlana aChavchavadze, Paul, tr